00377nam a22001457a 450000500170000000800410001704100080005808200230006610000150008924500250010426000520012930000090018150000260019050000150021620250426112223.0250426b |||||||| |||| 00| 0 eng d amar a891.46bJOG B22595 aJoglekar S aPhalnichi Shokantika aPunebBharatiya Vichar Sadhana Prakashan c2022 a335p aMarathi Literature  aLiterature